[Event "79th POL-ch"]
[Site "Kruszwica POL"]
[Date "2022.05.12"]
[Round "2.4"]
[White "Kosakowski, Jakub"]
[Black "Nasuta, Grzegorz"]
[Result "1/2-1/2"]
[WhiteElo "2435"]
[BlackElo "2511"]
[EventDate "2022.05.11"]
[PlyCount "96"]

1.e4 c5 2.Nf3 d6 3.d4 cxd4 4.Qxd4 Nc6 5.Qe3 Nf6 6.Be2 g6 7.h3 Bg7 8.O-O 
O-O 9.Rd1 Be6 10.Nc3 a6 11.a3 Rc8 12.Nd5 Bxd5 13.exd5 Na5 14.Rb1 Qc7 15.c3
b5 16.a4 Nc4 17.Qd3 bxa4 18.Ra1 Nb6 19.Qxa6 Nfxd5 20.Nd4 Rfd8 21.Qd3 Qc5 
22.Nb5 e6 23.Qe4 Rd7 24.Qh4 Qc6 25.Nd4 Qc7 26.Nb5 Qd8 27.Qe4 Nf6 28.Qh4 
Nfd5 29.Qe4 Ne7 30.Be3 d5 31.Qb4 Nc6 32.Bxb6 Qxb6 33.Qxa4 Ne5 34.b3 Rb7 
35.c4 Rd8 36.Rac1 dxc4 37.bxc4 Rxd1+ 38.Rxd1 Rb8 39.Qb4 Bf8 40.Qc3 Qc5 41.
Qg3 Rc8 42.Rc1 Bg7 43.Bf1 h5 44.Nc3 Qa3 45.Qf4 Qe7 46.Ne4 Nd7 47.Rd1 Nc5 
48.Nxc5 Rxc5 1/2-1/2

[Event "79th POL-ch"]
[Site "Kruszwica POL"]
[Date "2022.05.12"]
[Round "2.5"]
[White "Nasuta, Grzegorz"]
[Black "Kosakowski, Jakub"]
[Result "0-1"]
[WhiteElo "2511"]
[BlackElo "2435"]
[EventDate "2022.05.11"]
[PlyCount "144"]

1.e4 e5 2.Nf3 Nc6 3.Bc4 Bc5 4.O-O Nf6 5.d3 d6 6.c3 a5 7.Re1 O-O 8.h3 h6 9.
Bb5 Ne7 10.d4 Bb6 11.Nbd2 c6 12.Bd3 Ng6 13.Nf1 Re8 14.Ng3 Be6 15.Be3 Bc7 
16.Qc2 a4 17.c4 exd4 18.Nxd4 Nd7 19.f4 Nc5 20.Nxe6 fxe6 21.e5 Nxd3 22.Qxd3
Nh4 23.exd6 Qxd6 24.Qxd6 Bxd6 25.Ne4 Bc7 26.Rad1 Rad8 27.Rxd8 Rxd8 28.Nc5 
Bb6 29.Nxa4 Bxe3+ 30.Rxe3 Rd2 31.g3 Nf5 32.Rf3 b5 33.cxb5 cxb5 34.Nc5 Rxb2
35.Nxe6 Rxa2 36.g4 Nd6 37.Rd3 Ra6 38.f5 b4 39.Kf2 Rb6 40.Nc5 Rb5 41.Nb3 
Ne4+ 42.Ke3 Nc3 43.Kd4 Rb8 44.Kc4 Na2 45.Rd7 Rc8+ 46.Kd4 Nc3 47.Rb7 Ne2+ 
48.Ke5 Rc3 49.Rxb4 Rxh3 50.Nc5 Re3+ 51.Kd6 Ng3 52.Ne6 h5 53.Rb7 hxg4 54.
Rxg7+ Kh8 55.Rg5 Ne4+ 56.Kd5 Nxg5 57.Nxg5 g3 58.Kd4 g2 59.Kxe3 g1=Q+ 60.
Kf4 Kg7 61.Ne4 Qd4 62.Kf3 Kh6 63.Kf4 Kh5 64.Kf3 Qe5 65.Ng3+ Kg5 66.Ne4+ 
Kxf5 67.Nf2 Qc3+ 68.Ke2 Kf4 69.Nd3+ Ke4 70.Nf2+ Kd4 71.Nd1 Qc2+ 72.Ke1 Kd3
0-1

[Event "79th POL-ch"]
[Site "Kruszwica POL"]
[Date "2022.05.12"]
[Round "2.6"]
[White "Kosakowski, Jakub"]
[Black "Nasuta, Grzegorz"]
[Result "1-0"]
[WhiteElo "2435"]
[BlackElo "2511"]
[EventDate "2022.05.11"]
[PlyCount "105"]

1.e4 c5 2.Nf3 d6 3.d4 cxd4 4.Qxd4 Nc6 5.Qe3 g6 6.Be2 Bg7 7.O-O Nf6 8.h3 
O-O 9.Rd1 Be6 10.Nc3 Rc8 11.a3 a6 12.Bd2 Qc7 13.Be1 Na5 14.b3 Ng4 15.hxg4 
Bxc3 16.Bxc3 Qxc3 17.Qh6 Qg7 18.Qd2 Nc6 19.g5 Bg4 20.Nd4 Nxd4 21.Bxg4 Ne6 
22.c4 Qe5 23.f4 Nxf4 24.Bxc8 Rxc8 25.Rf1 Ne6 26.Qd5 Rc5 27.Qd3 Qxg5 28.Qf3
f6 29.b4 Rxc4 30.e5 dxe5 31.Qd5 Qe3+ 32.Rf2 Rc6 33.Rf1 Kg7 34.Qd7 Kf7 35.
Qxb7 Rc2 36.Qf3 Qb6 37.Qh3 h5 38.Qb3 Rd2 39.Qc4 Kg7 40.a4 Rb2 41.a5 Qxb4 
42.Qxe6 Rxf2 43.Rxf2 Qe1+ 44.Rf1 Qe3+ 45.Kh1 Qc5 46.Qxa6 e4 47.Qb6 Qc4 48.
Re1 f5 49.a6 Qc3 50.Rb1 e3 51.Qb2 Qxb2 52.Rxb2 f4 53.a7 1-0

[Event "79th POL-ch"]
[Site "Kruszwica POL"]
[Date "2022.05.11"]
[Round "2.1"]
[White "Sabuk, Piotr"]
[Black "Licznerski, Lukasz"]
[Result "1/2-1/2"]
[WhiteElo "2420"]
[BlackElo "2439"]
[EventDate "2022.05.11"]
[PlyCount "174"]

1.d4 d5 2.c4 c6 3.cxd5 cxd5 4.Bf4 Nc6 5.e3 e6 6.Nc3 Bd6 7.Bxd6 Qxd6 8.f4 
Nge7 9.Nf3 f6 10.Bd3 Bd7 11.O-O O-O 12.Qe1 Rac8 13.Rd1 Be8 14.Kh1 Bg6 15.
e4 dxe4 16.Bxe4 Nd5 17.f5 Nxc3 18.bxc3 exf5 19.Bd3 Rfe8 20.Qd2 f4 21.Bb5 
a6 22.Ba4 Bf7 23.Nh4 b5 24.Nf5 Qc7 25.Bb3 Ne7 26.Nxe7+ Rxe7 27.d5 Qxc3 28.
Qxf4 Rd8 29.Rc1 Qe5 30.Qb4 Rc7 31.Qa5 Rcd7 32.Qxa6 Bxd5 33.Qxb5 h5 34.Rfe1
Qg5 35.Bxd5+ Rxd5 36.Re8+ Kf7 37.Rc7+ Kg6 38.Qb1+ Kh6 39.Rxd8 Rxd8 40.Rc2 
Qg4 41.Rc1 Rd2 42.Rg1 Qd4 43.h3 Qd5 44.Qb3 Qxb3 45.axb3 Rb2 46.Rc1 Rxb3 
47.h4 Rb4 48.g3 Rb2 49.Rc5 Kg6 50.Kg1 Re2 51.Ra5 Re5 52.Ra7 Re2 53.Ra5 Re7
54.Kf2 Kh6 55.Kf3 g6 56.Ra6 Kg7 57.Rb6 Kf7 58.Ra6 Rd7 59.Rb6 Ke7 60.Ra6 
Rd6 61.Ra4 Rc6 62.Kf4 Ke6 63.Re4+ Kd5 64.Re8 Rc4+ 65.Kf3 Rg4 66.Re7 f5 67.
Rg7 Ke6 68.Rg8 f4 69.gxf4 Kf7 70.Ra8 Rxh4 71.Ra7+ Kf6 72.Ra6+ Kg7 73.Ra7+ 
Kh6 74.Ra6 Kg7 75.Ra7+ Kf6 76.Ra6+ Kf7 77.Ra7+ Ke8 78.Ra8+ Kd7 79.Ra7+ Kd8
80.Ra8+ Kc7 81.Ra7+ Kb6 82.Rh7 Kc5 83.Rh6 Rg4 84.f5 gxf5 85.Rxh5 Rd4 86.
Rxf5+ Rd5 87.Rxd5+ Kxd5 1/2-1/2

[Event "79th POL-ch"]
[Site "Kruszwica POL"]
[Date "2022.05.12"]
[Round "2.2"]
[White "Licznerski, Lukasz"]
[Black "Sabuk, Piotr"]
[Result "1-0"]
[WhiteElo "2439"]
[BlackElo "2420"]
[EventDate "2022.05.11"]
[PlyCount "89"]

1.e4 c6 2.d4 d5 3.exd5 cxd5 4.Bd3 Nc6 5.c3 Nf6 6.h3 g6 7.Bf4 Bf5 8.Be2 e6 
9.Nd2 h5 10.Ngf3 Bd6 11.Bg5 Be7 12.Nh4 Ne4 13.Bxe7 Qxe7 14.Nxf5 exf5 15.h4
Kf8 16.Nxe4 fxe4 17.Qd2 Kg7 18.O-O-O Rab8 19.Kb1 b5 20.b4 a5 21.a3 Na7 22.
Qg5 Qxg5 23.hxg5 Nc8 24.Rh4 Nd6 25.Rf4 Kf8 26.Kb2 f5 27.bxa5 Ra8 28.a4 
bxa4 29.a6 Ke7 30.Ra1 Rhb8+ 31.Kc2 Nc4 32.Bxc4 dxc4 33.Rxa4 Rb6 34.a7 Rb7 
35.f3 e3 36.g4 e2 37.Kd2 Rb2+ 38.Ke1 hxg4 39.fxg4 fxg4 40.Re4+ Kd6 41.Rxe2
Rb7 42.Ra6+ Kd7 43.Rh2 Rb1+ 44.Kf2 Kc8 45.Rh7 1-0

[Event "79th POL-ch"]
[Site "Kruszwica POL"]
[Date "2022.05.13"]
[Round "3.1"]
[White "Wojtaszek, Radoslaw"]
[Black "Moranda, Wojciech"]
[Result "1/2-1/2"]
[WhiteElo "2696"]
[BlackElo "2630"]
[EventDate "2022.05.09"]
[PlyCount "63"]

1.d4 Nf6 2.c4 e6 3.Nf3 d5 4.Nc3 c5 5.cxd5 cxd4 6.Qxd4 exd5 7.Bg5 Be7 8.e3 
O-O 9.Be2 Nc6 10.Qd3 h6 11.Bh4 Qb6 12.O-O Rd8 13.Rfd1 Be6 14.h3 a6 15.a3 
Rac8 16.b4 Qa7 17.Rac1 b5 18.Bf1 Qb6 19.Ne2 g5 20.Bg3 Ne4 21.Bh2 a5 22.
Ned4 Nxd4 23.Nxd4 axb4 24.axb4 Rc4 25.f3 Nf6 26.Qb1 Rxb4 27.Qc2 Rc4 28.
Bxc4 dxc4 29.Kh1 b4 30.Be5 c3 31.Nxe6 Rxd1+ 32.Rxd1 1/2-1/2

[Event "79th POL-ch"]
[Site "Kruszwica POL"]
[Date "2022.05.14"]
[Round "3.2"]
[White "Moranda, Wojciech"]
[Black "Wojtaszek, Radoslaw"]
[Result "1/2-1/2"]
[WhiteElo "2630"]
[BlackElo "2696"]
[EventDate "2022.05.09"]
[PlyCount "177"]

1.e4 e5 2.Nf3 Nc6 3.Bb5 a6 4.Ba4 Nf6 5.O-O Be7 6.d3 b5 7.Bb3 d6 8.a3 O-O 
9.Nc3 Rb8 10.h3 Na5 11.Ba2 c5 12.Nd5 Nxd5 13.Bxd5 Bb7 14.Bxb7 Rxb7 15.c3 
Nc6 16.a4 b4 17.Qb3 Qd7 18.Qd5 Bf6 19.Be3 Rc8 20.Nd2 Ne7 21.Qc4 Qc6 22.
Rfc1 d5 23.exd5 Nxd5 24.Ne4 Be7 25.Bd2 bxc3 26.bxc3 h6 27.Rcb1 Rcb8 28.
Rxb7 Rxb7 29.Re1 Rc7 30.Ng3 Qe6 31.Rb1 Rc8 32.Rb7 Ra8 33.a5 Bf8 34.Qg4 
Qxg4 35.hxg4 Nf6 36.g5 hxg5 37.Bxg5 Nd5 38.Bd2 Rd8 39.Ra7 Nf4 40.Bxf4 exf4
41.Ne4 Rxd3 42.Rxa6 Rd1+ 43.Kh2 f6 44.Rc6 Ra1 45.a6 c4 46.f3 Be7 47.g4 
fxg3+ 48.Kxg3 f5 49.Nd2 Bf6 50.Nxc4 Bxc3 51.Kf4 Bd4 52.Kxf5 Kh7 53.Nd6 Bg1
54.Ne4 Ra5+ 55.Kg4 Kg8 56.Ng5 Kf8 57.Re6 Bd4 58.Kh5 Bf6 59.f4 Be7 60.Kg6 
Ke8 61.f5 Kd7 62.Ne4 Ba3 63.Ng3 Bd6 64.Ne4 Bf4 65.Ng5 Bd6 66.Nf7 Bc7 67.
Kg5 Ra3 68.Kg6 Ra5 69.Kg5 Ra3 70.Kh5 Ra5 71.Kg6 Bb8 72.Re4 Bc7 73.Ng5 
Rxa6+ 74.Kxg7 Bd8 75.Rd4+ Ke8 76.Ne6 Ra7+ 77.Kg6 Be7 78.Ng7+ Kf8 79.Re4 
Ra1 80.Ne6+ Ke8 81.Nc7+ Kf8 82.Rg4 Rd1 83.Rg2 Rc1 84.Nd5 Rc6+ 85.Kh7 Bf6 
86.Ra2 Bg5 87.Ra8+ Kf7 88.Ra7+ Kf8 89.Ra8+ 1/2-1/2

[Event "79th POL-ch"]
[Site "Kruszwica POL"]
[Date "2022.05.14"]
[Round "3.3"]
[White "Wojtaszek, Radoslaw"]
[Black "Moranda, Wojciech"]
[Result "1/2-1/2"]
[WhiteElo "2696"]
[BlackElo "2630"]
[EventDate "2022.05.09"]
[PlyCount "111"]

1.d4 Nf6 2.c4 e6 3.Nc3 Bb4 4.e3 c5 5.Ne2 d5 6.a3 Ba5 7.dxc5 dxc4 8.Bd2 
Nbd7 9.Ng3 Nxc5 10.Bxc4 Bc7 11.Qc2 O-O 12.O-O b6 13.Nb5 Bb8 14.b4 Ncd7 15.
Rac1 a6 16.Nd4 Bb7 17.Be2 Bxg3 18.hxg3 Rc8 19.Qb2 b5 20.Rxc8 Qxc8 21.Rc1 
Qa8 22.f3 Nb6 23.e4 Rc8 24.Nb3 Rxc1+ 25.Qxc1 Qc8 26.Nc5 Nfd7 27.Nxb7 Qxb7 
28.Qc3 Qc8 29.Qxc8+ Nxc8 30.a4 Nd6 31.a5 f6 32.Kf2 Kf7 33.Ke3 Ne5 34.Kd4 
Nb7 35.f4 Nc6+ 36.Kd3 Nd6 37.Bc3 e5 38.Bd1 Nc8 39.Bb3+ Ke8 40.Be6 N8e7 41.
Bd2 Kd8 42.Kc3 Nd4 43.Bg4 h6 44.Be3 Nec6 45.Bf2 Kc7 46.Bh5 Kd8 47.Bd1 Kc7 
48.Be1 Kd6 49.Kd3 Ke7 50.Bh5 Kd8 51.Bf7 Ke7 52.Bd5 Kd6 53.Bc3 Kc7 54.g4 g5
55.f5 Kb8 56.Bd2 1/2-1/2

[Event "79th POL-ch"]
[Site "Kruszwica POL"]
[Date "2022.05.14"]
[Round "3.4"]
[White "Moranda, Wojciech"]
[Black "Wojtaszek, Radoslaw"]
[Result "1/2-1/2"]
[WhiteElo "2630"]
[BlackElo "2696"]
[EventDate "2022.05.09"]
[PlyCount "69"]

1.e4 e5 2.Nf3 Nc6 3.Bb5 a6 4.Ba4 Nf6 5.O-O Be7 6.d3 b5 7.Bb3 d6 8.a3 O-O 
9.Nc3 Rb8 10.h3 a5 11.a4 b4 12.Nd5 Nxd5 13.Bxd5 Bd7 14.Be3 Bf6 15.Nd2 Ne7 
16.Bb3 Ng6 17.Nf3 Bc6 18.Re1 h6 19.c3 bxc3 20.bxc3 d5 21.exd5 Bxd5 22.Bxd5
Qxd5 23.Qc2 Rfd8 24.d4 exd4 25.cxd4 c5 26.Rad1 c4 27.Ne5 Nh4 28.f3 Bxe5 
29.dxe5 Qxe5 30.Rxd8+ Rxd8 31.Bf2 Qg5 32.Bxh4 Qxh4 33.Re4 Qg3 34.Rxc4 g6 
35.Rc8 1/2-1/2

[Event "79th POL-ch"]
[Site "Kruszwica POL"]
[Date "2022.05.14"]
[Round "3.5"]
[White "Wojtaszek, Radoslaw"]
[Black "Moranda, Wojciech"]
[Result "1/2-1/2"]
[WhiteElo "2696"]
[BlackElo "2630"]
[EventDate "2022.05.09"]
[PlyCount "94"]

1.c4 Nf6 2.Nf3 e6 3.d4 d5 4.Bg5 dxc4 5.Qa4+ Nbd7 6.Qxc4 c5 7.Nbd2 a6 8.e3 
b5 9.Qc2 Bb7 10.dxc5 Bxc5 11.Bd3 Rc8 12.Qb1 h6 13.Bh4 O-O 14.O-O Qb6 15.a4
Rfd8 16.Rd1 Be7 17.axb5 axb5 18.Nd4 Nf8 19.Bf1 Rd5 20.N2b3 Ng6 21.Bg3 Nh5 
22.Qa2 Nxg3 23.hxg3 Ra8 24.Qb1 Rad8 25.Rc1 Ne5 26.Qc2 Rc8 27.Qxc8+ Bxc8 
28.Rxc8+ Rd8 29.Rxd8+ Bxd8 30.Bxb5 Qd6 31.Ra6 Qb4 32.Ra1 Bb6 33.Bf1 Bxd4 
34.Nxd4 Qxb2 35.Rd1 g6 36.Be2 Qc3 37.Kf1 Kg7 38.Nf3 Nc6 39.Nd4 Nb4 40.Nf3 
Nd5 41.Nd4 Qb2 42.Bf3 Nc3 43.Re1 e5 44.Ne2 e4 45.Bg4 f5 46.Nxc3 Qxc3 47.
Be2 h5 1/2-1/2

[Event "79th POL-ch"]
[Site "Kruszwica POL"]
[Date "2022.05.14"]
[Round "3.6"]
[White "Moranda, Wojciech"]
[Black "Wojtaszek, Radoslaw"]
[Result "0-1"]
[WhiteElo "2630"]
[BlackElo "2696"]
[EventDate "2022.05.09"]
[PlyCount "99"]

1.e4 e5 2.Nf3 Nc6 3.Bb5 a6 4.Ba4 Nf6 5.O-O Be7 6.d3 b5 7.Bb3 d6 8.a3 O-O 
9.Nc3 Rb8 10.Be3 Na5 11.Ba2 c5 12.Nd5 Nxd5 13.Bxd5 Bb7 14.b4 Bxd5 15.exd5 
Nb7 16.g4 Rc8 17.Nd2 Qd7 18.Ne4 c4 19.Kh1 Nd8 20.Rg1 f5 21.gxf5 Qxf5 22.
Qg4 Qxg4 23.Rxg4 Nf7 24.a4 Rc7 25.axb5 axb5 26.h4 h5 27.Rg6 Kh7 28.Rag1 
Rg8 29.Re6 Nd8 30.Rxe7 Rxe7 31.Nxd6 cxd3 32.cxd3 Rd7 33.Ne4 Rxd5 34.Rg5 
Ne6 35.Rxh5+ Kg6 36.Ng3 Rf8 37.Kg2 Nf4+ 38.Bxf4 Rxf4 39.Rg5+ Kf7 40.h5 
Rxb4 41.Rg6 Rxd3 42.Nf5 Rf4 43.Nd6+ Kf8 44.Re6 Kg8 45.Nxb5 Rd2 46.Rxe5 Kh7
47.Kg3 Rdxf2 48.Nd4 Rf1 49.Rd5 Rf6 50.Kg4 0-1

[Event "79th POL-ch"]
[Site "Kruszwica POL"]
[Date "2022.05.13"]
[Round "3.1"]
[White "Piorun, Kacper"]
[Black "Tomczak, Jacek"]
[Result "1/2-1/2"]
[WhiteElo "2635"]
[BlackElo "2584"]
[EventDate "2022.05.09"]
[PlyCount "60"]

1.Nf3 Nf6 2.g3 g6 3.b3 Bg7 4.Bb2 b6 5.Bg2 Bb7 6.O-O O-O 7.d4 c5 8.dxc5 
bxc5 9.c4 d6 10.Nc3 Ne4 11.Qc1 Nxc3 12.Bxc3 Bxc3 13.Qxc3 Nd7 14.Rfe1 Nf6 
15.Qd3 Be4 16.Qd2 a5 17.Ng5 Bxg2 18.Kxg2 a4 19.Rab1 axb3 20.axb3 Ra3 21.e4
Qa8 22.Qd3 Rb8 23.Nf3 Nd7 24.Kg1 Qb7 25.Re3 Qc7 26.Qd2 Rb6 27.e5 dxe5 28.
Qb2 Rba6 29.Nxe5 Ra2 30.Qc3 Nxe5 1/2-1/2

[Event "79th POL-ch"]
[Site "Kruszwica POL"]
[Date "2022.05.14"]
[Round "3.2"]
[White "Tomczak, Jacek"]
[Black "Piorun, Kacper"]
[Result "1/2-1/2"]
[WhiteElo "2584"]
[BlackElo "2635"]
[EventDate "2022.05.09"]
[PlyCount "64"]

1.e4 e6 2.d4 d5 3.Nc3 Nf6 4.e5 Nfd7 5.f4 c5 6.Nf3 Nc6 7.Be3 a6 8.Qd2 b5 9.
a3 Qa5 10.dxc5 Bxc5 11.Bxc5 Nxc5 12.Nd4 Nxd4 13.Qxd4 Na4 14.b4 Qb6 15.Qxb6
Nxb6 16.a4 d4 17.Ne4 bxa4 18.O-O-O Bd7 19.Rxd4 Ke7 20.Nc5 Bb5 21.c4 Bc6 
22.Kb2 Rhc8 23.Nd3 Be8 24.Nf2 f6 25.exf6+ gxf6 26.Be2 e5 27.fxe5 fxe5 28.
Re4 Bg6 29.Rxe5+ Kd6 30.Rc5 Rxc5 31.Rd1+ Rd5 32.cxd5 a5 1/2-1/2

[Event "79th POL-ch"]
[Site "Kruszwica POL"]
[Date "2022.05.14"]
[Round "3.3"]
[White "Tomczak, Jacek"]
[Black "Piorun, Kacper"]
[Result "1/2-1/2"]
[WhiteElo "2584"]
[BlackElo "2635"]
[EventDate "2022.05.09"]
[PlyCount "123"]

1.e4 e6 2.d4 d5 3.Nc3 Nf6 4.e5 Nfd7 5.f4 c5 6.Nf3 Nc6 7.Be3 a6 8.Be2 b5 9.
O-O cxd4 10.Nxd4 Bc5 11.Bf3 Bxd4 12.Bxd4 Nxd4 13.Qxd4 Qb6 14.Ne2 Qxd4+ 15.
Nxd4 Nb6 16.b3 Bd7 17.Be2 Rc8 18.Bd3 Ke7 19.Kf2 h5 20.g3 g6 21.Ke3 Rc3 22.
h3 Rcc8 23.Kd2 Rc7 24.Rh1 Rcc8 25.a3 Ra8 26.Raf1 Rac8 27.g4 hxg4 28.hxg4 
Rcg8 29.Kc3 Kd8 30.Rfg1 Kc7 31.Kb4 Nc8 32.Nf3 Kb6 33.Kc3 Ne7 34.Ng5 Be8 
35.Rf1 Kc5 36.Kd2 Kb6 37.b4 Kb7 38.Nf3 Nc8 39.Ke3 Bd7 40.Rfg1 Kc7 41.Nd4 
Nb6 42.Nb3 Nc4+ 43.Bxc4 dxc4 44.Nd4 Bc6 45.Nxc6 Kxc6 46.Rd1 Rxh1 47.Rxh1 
Rd8 48.Rh7 Rd7 49.Rh8 a5 50.bxa5 Ra7 51.Rf8 Rxa5 52.Rxf7 Rxa3+ 53.Kd4 Ra2 
54.Re7 Rxc2 55.Rxe6+ Kc7 56.Kc5 c3 57.Rc6+ Kd7 58.e6+ Ke7 59.Kxb5 Rf2 60.
f5 gxf5 61.gxf5 Rxf5+ 62.Kb4 1/2-1/2

[Event "79th POL-ch"]
[Site "Kruszwica POL"]
[Date "2022.05.14"]
[Round "3.4"]
[White "Piorun, Kacper"]
[Black "Tomczak, Jacek"]
[Result "1/2-1/2"]
[WhiteElo "2635"]
[BlackElo "2584"]
[EventDate "2022.05.09"]
[PlyCount "49"]

1.e4 c5 2.Nf3 d6 3.Bb5+ Nd7 4.d4 cxd4 5.Qxd4 a6 6.Be2 Ngf6 7.O-O g6 8.Nc3 
Bg7 9.Rd1 O-O 10.e5 dxe5 11.Nxe5 Qc7 12.Nxd7 Bxd7 13.Bf4 Qc8 14.Qb4 Bc6 
15.Qxe7 Re8 16.Qd6 Qf5 17.Bd3 Qg4 18.Bg3 Nh5 19.Re1 Red8 20.Qe7 Nxg3 21.
hxg3 Re8 22.Qd6 Red8 23.Qe7 Re8 24.Qd6 Red8 25.Qe7 1/2-1/2

[Event "79th POL-ch"]
[Site "Kruszwica POL"]
[Date "2022.05.14"]
[Round "3.5"]
[White "Piorun, Kacper"]
[Black "Tomczak, Jacek"]
[Result "1-0"]
[WhiteElo "2635"]
[BlackElo "2584"]
[EventDate "2022.05.09"]
[PlyCount "81"]

1.e4 c5 2.Nf3 d6 3.Bb5+ Bd7 4.Bxd7+ Qxd7 5.O-O Nf6 6.Qe2 Nc6 7.c3 e6 8.d4 
cxd4 9.cxd4 d5 10.e5 Ne4 11.Nbd2 Nxd2 12.Bxd2 Be7 13.g3 O-O 14.h4 Rac8 15.
Kg2 f5 16.exf6 Bxf6 17.Bc3 a6 18.Rae1 Rce8 19.Qd3 Qd6 20.Re2 b5 21.Rfe1 
Re7 22.Bd2 Rfe8 23.Bg5 e5 24.dxe5 Nxe5 25.Rxe5 Bxe5 26.Bxe7 Rxe7 27.Qf5 
Bf6 28.Rc1 Re8 29.Rd1 Rd8 30.b3 d4 31.Rd3 Re8 32.h5 Qc6 33.Rd2 Rd8 34.g4 
h6 35.Rc2 Qd6 36.Ne1 d3 37.Rd2 Qc6+ 38.Qf3 Qc3 39.Rxd3 Qxe1 40.Rxd8+ Bxd8 
41.Qd5+ 1-0

[Event "79th POL-ch"]
[Site "Kruszwica POL"]
[Date "2022.05.14"]
[Round "3.6"]
[White "Tomczak, Jacek"]
[Black "Piorun, Kacper"]
[Result "1/2-1/2"]
[WhiteElo "2584"]
[BlackElo "2635"]
[EventDate "2022.05.09"]
[PlyCount "189"]

1.e4 e6 2.d4 d5 3.Nc3 Nf6 4.e5 Nfd7 5.f4 c5 6.Nf3 Nc6 7.Be3 a6 8.Be2 Be7 
9.O-O O-O 10.Kh1 b6 11.Qe1 Bb7 12.Qg3 cxd4 13.Nxd4 Nxd4 14.Bxd4 Bc5 15.
Rad1 Bxd4 16.Rxd4 f6 17.exf6 Qxf6 18.Rdd1 Nc5 19.Bd3 Rf7 20.b3 g6 21.Ne2 
e5 22.fxe5 Qxf1+ 23.Rxf1 Rxf1+ 24.Ng1 Ne4 25.Bxe4 dxe4 26.h3 Re8 27.Kh2 
Rf5 28.e6 Bc8 29.Ne2 Bxe6 30.Nd4 Rf7 31.Qe3 Bd7 32.Ne2 b5 33.Nc3 Bc6 34.
Ne2 Bb7 35.Nd4 Rd7 36.c4 bxc4 37.bxc4 Rc7 38.Qb3 e3 39.c5+ Rf7 40.Qc4 Bc8 
41.c6 Kf8 42.c7 Ree7 43.Qc5 Kg8 44.Nc6 Rxc7 45.Qxe3 Bb7 46.Ne5 Rc2 47.h4 
Rxg2+ 48.Kh3 Rgf2 49.Qd4 R2f4 50.Qd8+ Rf8 51.Qb6 Bc8+ 52.Kg3 R4f6 53.Qb3+ 
Kh8 54.Qc3 Kg8 55.Qc4+ Kh8 56.Qd4 Kg8 57.a4 Bf5 58.a5 Bc8 59.Qc5 Kg7 60.
Qd5 Kh8 61.Qc4 Kg7 62.Qd4 Kg8 63.Qb2 Bf5 64.Qb3+ Be6 65.Qc3 Bc8 66.Qd4 Be6
67.Qd1 Bc8 68.Qd3 Kh8 69.Qc4 Kg7 70.Qd4 Kg8 71.Nd3 Rf3+ 72.Kh2 R3f6 73.Kg2
Bb7+ 74.Kh2 Bc8 75.Qc4+ Kg7 76.Qc3 Kg8 77.Qd4 Bb7 78.Qc4+ Kh8 79.Qc3 Bc8 
80.Ne5 Kg8 81.Qd4 Bf5 82.Kg3 Bc8 83.Qd1 Kh8 84.Qe2 Kg8 85.Qc4+ Kh8 86.Qc7 
Kg8 87.Qe7 Re6 88.Qc5 Ref6 89.Qc4+ Kh8 90.Qd4 Kg8 91.Nd3 Rf3+ 92.Kh2 R3f6 
93.Ne5 Rf2+ 94.Kg3 R2f6 95.Qc4+ 1/2-1/2

[Event "79th POL-ch"]
[Site "Kruszwica POL"]
[Date "2022.05.13"]
[Round "3.1"]
[White "Socko, Bartosz"]
[Black "Gumularz, Szymon"]
[Result "1-0"]
[WhiteElo "2636"]
[BlackElo "2513"]
[EventDate "2022.05.11"]
[PlyCount "45"]

1.d4 d5 2.Nf3 Nf6 3.e3 e6 4.Bd3 c5 5.b3 Nc6 6.O-O Be7 7.Bb2 b6 8.dxc5 bxc5
9.c4 O-O 10.Nbd2 Qb6 11.Rc1 Rd8 12.cxd5 exd5 13.a3 d4 14.exd4 Nxd4 15.Re1 
Bf8 16.Nxd4 cxd4 17.Nc4 Qb7 18.Na5 Qd5 19.Nc6 Bg4 20.f3 Rdc8 21.fxg4 Rxc6 
22.g5 Rxc1 23.Bxc1 1-0

[Event "79th POL-ch"]
[Site "Kruszwica POL"]
[Date "2022.05.14"]
[Round "3.2"]
[White "Gumularz, Szymon"]
[Black "Socko, Bartosz"]
[Result "1/2-1/2"]
[WhiteElo "2513"]
[BlackElo "2636"]
[EventDate "2022.05.11"]
[PlyCount "77"]

1.d4 d5 2.c4 dxc4 3.e3 Nf6 4.Bxc4 e6 5.Nf3 a6 6.O-O c5 7.Nbd2 cxd4 8.Nxd4 
Be7 9.b3 b5 10.Be2 Bb7 11.Bb2 Nc6 12.Bf3 Qd7 13.Nxc6 Bxc6 14.Rc1 Bxf3 15.
Nxf3 Qxd1 16.Rfxd1 O-O 17.Ne5 Rfd8 18.Rxd8+ Bxd8 19.Kf1 Kf8 20.Ke2 Ke8 21.
g4 Nd5 22.Nd3 Bf6 23.Bxf6 Nxf6 24.g5 Nd7 25.e4 Kd8 26.Ke3 Rc8 27.Rxc8+ 
Kxc8 28.Kd4 Nb8 29.Ne5 f6 30.gxf6 gxf6 31.Nd3 Kc7 32.Nc5 Kd6 33.Nb7+ Kc6 
34.Nd8+ Kd7 35.Nf7 Ke7 36.Nh6 Kd6 37.Nf7+ Ke7 38.Nh6 Kd6 39.Nf7+ 1/2-1/2

[Event "79th POL-ch"]
[Site "Kruszwica POL"]
[Date "2022.05.13"]
[Round "3.1"]
[White "Szpar, Milosz"]
[Black "Bartel, Mateusz"]
[Result "1/2-1/2"]
[WhiteElo "2434"]
[BlackElo "2619"]
[EventDate "2022.05.11"]
[PlyCount "49"]

1.e4 e5 2.Nf3 Nc6 3.Bb5 a6 4.Ba4 Nf6 5.O-O Be7 6.d3 d6 7.c3 O-O 8.Re1 b5 
9.Bc2 Re8 10.Nbd2 Bf8 11.Nf1 h6 12.a4 b4 13.a5 Rb8 14.Ba4 Bd7 15.Ne3 Na7 
16.Bb3 bxc3 17.bxc3 Nb5 18.Bd2 c6 19.h3 Rb7 20.Qc2 Bc8 21.Qa2 Nh5 22.Ng4 
Nf6 23.Ne3 Nh5 24.Ng4 Nf6 25.Ne3 1/2-1/2

[Event "79th POL-ch"]
[Site "Kruszwica POL"]
[Date "2022.05.14"]
[Round "3.2"]
[White "Bartel, Mateusz"]
[Black "Szpar, Milosz"]
[Result "0-1"]
[WhiteElo "2619"]
[BlackElo "2434"]
[EventDate "2022.05.11"]
[PlyCount "72"]

1.d4 d5 2.Nf3 Nf6 3.c4 dxc4 4.e3 e6 5.Bxc4 c5 6.O-O a6 7.Be2 cxd4 8.Nxd4 
Be7 9.Nd2 O-O 10.b3 Bd7 11.Bb2 Nc6 12.N4f3 Rc8 13.Qb1 Nb4 14.a3 Nbd5 15.
Rd1 Qc7 16.Bd3 Bb5 17.Nc4 Bxc4 18.bxc4 Nb6 19.Be5 Qc6 20.Nd4 Qc5 21.Bg3 
Rfd8 22.h3 Rd7 23.Rc1 Na4 24.Be2 Bd6 25.Bd1 Bxg3 26.Bxa4 Rxd4 27.exd4 Qxd4
28.Qxb7 Bxf2+ 29.Kf1 Rf8 30.Rd1 Qh4 31.Qf3 Ne4 32.g4 f5 33.Bd7 Ng5 34.
Bxe6+ Nxe6 35.gxf5 Ba7 36.Rd2 Nd4 0-1

[Event "79th POL-ch"]
[Site "Kruszwica POL"]
[Date "2022.05.13"]
[Round "3.1"]
[White "Kosakowski, Jakub"]
[Black "Gajewski, Grzegorz"]
[Result "0-1"]
[WhiteElo "2435"]
[BlackElo "2589"]
[EventDate "2022.05.11"]
[PlyCount "64"]

1.e4 c5 2.Nf3 d6 3.d4 cxd4 4.Nxd4 Nf6 5.Nc3 a6 6.Be2 e5 7.Nb3 Be7 8.O-O 
O-O 9.Re1 Be6 10.Bf3 Nbd7 11.a4 Rc8 12.Nd2 Qc7 13.Nf1 Rfe8 14.Ne3 Qc5 15.
Bd2 Bd8 16.Ncd5 Bxd5 17.b4 Qa7 18.exd5 a5 19.c3 Bb6 20.Be2 g6 21.Bb5 Red8 
22.bxa5 Bc5 23.Qf3 Qxa5 24.Nf5 gxf5 25.Qxf5 Qc7 26.Bh6 Kh8 27.Bg5 Ng8 28.
Re4 f6 29.Rh4 Nf8 30.Bh6 Ng6 31.Rh3 Nxh6 32.Rxh6 Qg7 0-1

[Event "79th POL-ch"]
[Site "Kruszwica POL"]
[Date "2022.05.14"]
[Round "3.2"]
[White "Gajewski, Grzegorz"]
[Black "Kosakowski, Jakub"]
[Result "1/2-1/2"]
[WhiteElo "2589"]
[BlackElo "2435"]
[EventDate "2022.05.11"]
[PlyCount "85"]

1.d4 Nf6 2.c4 g6 3.Nc3 Bg7 4.e4 d6 5.Nf3 O-O 6.Be2 e5 7.dxe5 dxe5 8.Qxd8 
Rxd8 9.Bg5 Re8 10.Nd5 Nxd5 11.cxd5 c6 12.Bc4 b5 13.Bb3 Bb7 14.Rc1 h6 15.
Be3 Rc8 16.O-O Nd7 17.dxc6 Bxc6 18.Rxc6 Rxc6 19.Bd5 Rac8 20.Bxc6 Rxc6 21.
Rd1 Rc7 22.Kf1 Nf6 23.Nxe5 Nxe4 24.Nd3 Rc2 25.Rc1 Rxc1+ 26.Bxc1 Kf8 27.Ke2
Ke7 28.Be3 a5 29.Bb6 a4 30.f3 Ng5 31.b3 axb3 32.axb3 Ne6 33.Kd2 Kd6 34.Be3
h5 35.Nf4 Nd8 36.g4 hxg4 37.fxg4 Nc6 38.h4 Ne5 39.h5 Nxg4 40.hxg6 fxg6 41.
Nxg6 Ke6 42.Nf4+ Kf5 43.Nd3 1/2-1/2

[Event "79th POL-ch"]
[Site "Kruszwica POL"]
[Date "2022.05.13"]
[Round "3.1"]
[White "Licznerski, Lukasz"]
[Black "Teclaf, Pawel"]
[Result "1-0"]
[WhiteElo "2439"]
[BlackElo "2537"]
[EventDate "2022.05.11"]
[PlyCount "85"]

1.e4 c5 2.Nf3 e6 3.d4 cxd4 4.Nxd4 a6 5.Bd3 Bc5 6.Nb3 Ba7 7.Qe2 Ne7 8.Be3 
O-O 9.O-O Nbc6 10.Rd1 Qc7 11.c4 Ng6 12.Bxa7 Rxa7 13.Qe3 Qf4 14.Qxf4 Nxf4 
15.Bf1 b6 16.Nc3 Rd8 17.Na4 Rb7 18.g3 Ng6 19.c5 b5 20.Nb6 Rc7 21.a4 bxa4 
22.Rxa4 Nb8 23.Nc4 Ne7 24.Nd6 Nec6 25.Nd2 a5 26.Nb3 Ba6 27.Nxa5 Bxf1 28.
Kxf1 Nxa5 29.Rxa5 Nc6 30.Ra2 Nb4 31.Ra4 Rb8 32.Rda1 h6 33.Ra8 Rxa8 34.
Rxa8+ Kh7 35.Ra4 Nc6 36.b4 Nd4 37.Nxf7 Nb5 38.Ra6 d5 39.Nd6 Nc3 40.c6 d4 
41.b5 d3 42.Ke1 Nb1 43.Ra1 1-0

[Event "79th POL-ch"]
[Site "Kruszwica POL"]
[Date "2022.05.14"]
[Round "3.2"]
[White "Teclaf, Pawel"]
[Black "Licznerski, Lukasz"]
[Result "1/2-1/2"]
[WhiteElo "2537"]
[BlackElo "2439"]
[EventDate "2022.05.11"]
[PlyCount "119"]

1.d4 d5 2.c4 c6 3.cxd5 cxd5 4.Bg5 Nc6 5.Nc3 f6 6.Bd2 e6 7.Nf3 f5 8.Rc1 Bd6
9.Bg5 Nf6 10.e3 h6 11.Bf4 Bxf4 12.exf4 O-O 13.Bb5 Qd6 14.Bxc6 Qxc6 15.O-O 
Qd6 16.Ne5 Bd7 17.Qb3 Rfc8 18.Nb1 Rc7 19.Rxc7 Qxc7 20.Nc3 b6 21.Qa3 Be8 
22.Rc1 Rc8 23.f3 Qb7 24.Re1 Qc7 25.Rc1 Qb7 26.Qd6 Bf7 27.a4 Ne8 28.Qa3 Qb8
29.Qe7 Qc7 30.Qxc7 Rxc7 31.Kf2 a5 32.Ke2 Nd6 33.b3 Be8 34.Kd2 Kf8 35.Re1 
Ke7 36.h3 Kf6 37.Nd3 g5 38.Ne2 Rc8 39.Nc3 Rc7 40.Rh1 Rg7 41.g4 Rg8 42.Ne2 
b5 43.Nc5 bxa4 44.bxa4 Nc4+ 45.Kc2 Nb6 46.Kb3 Bc6 47.h4 fxg4 48.hxg5+ hxg5
49.Rh6+ Rg6 50.fxg5+ Kxg5 51.Rxg6+ Kxg6 52.fxg4 Kg5 53.Nxe6+ Kxg4 54.Nc3 
Kf3 55.Nd8 Bd7 56.Nb7 Ke3 57.Nxa5 Kxd4 58.Kb4 Nxa4 59.Nb3+ Ke5 60.Nxa4 
1/2-1/2

[Event "79th POL-ch"]
[Site "Kruszwica POL"]
[Date "2022.05.15"]
[Round "4.1"]
[White "Piorun, Kacper"]
[Black "Wojtaszek, Radoslaw"]
[Result "1/2-1/2"]
[WhiteElo "2635"]
[BlackElo "2696"]
[EventDate "2022.05.09"]
[PlyCount "31"]

1.e4 c5 2.Nf3 d6 3.d4 cxd4 4.Nxd4 Nf6 5.Nc3 a6 6.g3 e5 7.Nb3 Be7 8.Bg2 O-O
9.O-O Be6 10.a4 Nbd7 11.Re1 Qc7 12.Nd2 Qc5 13.Nb3 Qc7 14.Nd2 Qc5 15.Nb3 
Qc7 16.Nd2 1/2-1/2